000
00215nam a22000977a 4500
003
OSt
008
210121b ||||| |||| 00| 0 eng d
100
_a
Edser, Edwin
_9
4904
245
_a
Light for students
942
_c
BK
999
_c
16794
_d
16794